• AIU
  • Tony Wilmot Memorial Library

Jesus Messiah (Record no. 63730)

MARC details
000 -LEADER
fixed length control field 00333nam a22001337a 4500
008 - FIXED-LENGTH DATA ELEMENTS--GENERAL INFORMATION
fixed length control field 130909b xxu||||| |||| 00| 0 eng d
020 ## - INTERNATIONAL STANDARD BOOK NUMBER
International Standard Book Number 9065340165
100 1# - MAIN ENTRY--PERSONAL NAME
Dates associated with a name Vink, Willem de
Relator term author
245 10 - TITLE STATEMENT
Title Jesus Messiah
260 ## - PUBLICATION, DISTRIBUTION, ETC. (IMPRINT)
Place of publication, distribution, etc Houten, The Netherlands
Name of publisher, distributor, etc Proclama
Date of publication, distribution, etc 1993
300 ## - PHYSICAL DESCRIPTION
Extent 60 p.
650 #0 - SUBJECT ADDED ENTRY--TOPICAL TERM
Source of heading or term Jesus Messiah
942 ## - ADDED ENTRY ELEMENTS (KOHA)
Source of classification or shelving scheme

No items available.